|
|
|
|
| LEADER |
02719nam a22005412a 4500 |
| 001 |
000061022 |
| 003 |
CZ BrMZK |
| 005 |
20250820120021.0 |
| 007 |
ta |
| 008 |
010907s1981 xr e p cze d |
| 015 |
|
|
|a cnb000163089
|
| 035 |
|
|
|a (OCoLC)40078442
|
| 040 |
|
|
|a BOA001
|b cze
|c BOA002
|
| 072 |
|
7 |
|a 616-053.2
|x Pediatrie
|2 Konspekt
|9 14
|
| 072 |
|
7 |
|a 37.016
|x Učební osnovy. Vyučovací předměty. Učebnice
|2 Konspekt
|9 22
|
| 080 |
|
|
|a 616.1/.9-053.2
|2 MRF
|
| 080 |
|
|
|a 616-053.2
|2 MRF
|
| 080 |
|
|
|a (075.8)
|2 MRF
|
| 245 |
0 |
0 |
|a Základy dětského lékařství pro speciální pedagogy :
|b vysokoškolská učebnice pro posluchače pedagogických fakult /
|c Jaroslav Gutvith a kolektiv
|
| 250 |
|
|
|a 1. vyd.
|
| 260 |
|
|
|a Praha :
|b Státní pedagogické nakladatelství,
|c 1981
|
| 300 |
|
|
|a 370 s.
|
| 490 |
1 |
|
|a Učebnice pro vysoké školy
|
| 490 |
1 |
|
|a Knižnice speciální pedagogiky
|
| 504 |
|
|
|a Bibliografie na s. 369-370 a n.
|
| 650 |
0 |
7 |
|a nemoci u dětí
|7 ph134932
|2 czenas
|
| 650 |
0 |
7 |
|a pediatrie
|7 ph115705
|2 czenas
|
| 650 |
0 |
9 |
|a diseases of children
|2 eczenas
|
| 650 |
0 |
9 |
|a pediatrics
|2 eczenas
|
| 655 |
|
7 |
|a učebnice vysokých škol
|7 fd133772
|2 czenas
|
| 655 |
|
9 |
|a textbooks (higher)
|2 eczenas
|
| 700 |
1 |
|
|a Gutvirth, Jaroslav,
|d 1922-
|7 jk01032867
|4 aut
|
| 830 |
|
0 |
|a Učebnice pro vysoké školy (Státní pedagogické nakladatelství)
|0 s
|
| 830 |
|
0 |
|a Knižnice speciální pedagogiky
|0 s
|
| 856 |
4 |
1 |
|u http://www.digitalniknihovna.cz/mzk/uuid/uuid:cc2d6930-6874-11e3-8561-005056827e52
|y Digitalizovaný dokument
|x NDK
|
| 910 |
|
|
|a BOA001
|b PK-0091.106
|b 2-0836.462
|
| 920 |
|
|
|a 000212161
|
| 990 |
|
|
|a BK
|
| 996 |
7 |
|
|b 2619915759
|c 2-0836.462
|l MZK
|r Sklad / do 1 hodiny
|n 0
|w 000061022
|u 000100
|a 1
|e BOA001
|j MZK50
|s A
|
| 996 |
7 |
|
|b 2619915760
|c 2-0836.462
|l MZK
|r Sklad / do 1 hodiny
|n 0
|w 000061022
|u 000090
|a 1
|e BOA001
|j MZK50
|s A
|
| 996 |
6 |
|
|b 2619920706
|c 2-0836.462
|l MZK
|r Sklad / do 1 hodiny
|n 1
|w 000061022
|u 000060
|a 1
|e BOA001
|j MZK50
|s P
|
| 996 |
7 |
|
|b 2619920733
|c 2-0836.462
|l MZK
|r Sklad / do 1 hodiny
|n 3
|w 000061022
|u 000070
|a 1
|e BOA001
|j MZK50
|s A
|
| 996 |
7 |
|
|b 2619920734
|c 2-0836.462
|l MZK
|r Sklad / do 1 hodiny
|n 2
|w 000061022
|u 000080
|a 1
|e BOA001
|j MZK50
|s A
|
| 996 |
7 |
|
|b 3119901565
|c PK-0091.106
|l MZK
|r Sklad / do 1 hodiny
|n 0
|w 000061022
|u 000040
|a 1
|e BOA001
|j MZK50
|s A
|
| 996 |
7 |
|
|b 3119901566
|c PK-0091.106
|l MZK
|r Sklad / do 1 hodiny
|n 1
|w 000061022
|u 000030
|a 1
|e BOA001
|j MZK50
|s A
|
| 996 |
7 |
|
|b 3119915834
|c PK-0091.106
|l MZK
|r Sklad / do 1 hodiny
|n 4
|w 000061022
|u 000050
|a 1
|e BOA001
|j MZK50
|s A
|
| 996 |
7 |
|
|b 3119940208
|c PK-0091.106
|l MZK
|r Sklad / do 1 hodiny
|n 5
|w 000061022
|u 000020
|a 1
|e BOA001
|j MZK50
|s A
|
| 996 |
7 |
|
|b 3119972987
|c PK-0091.106
|l MZK
|r Sklad / do 1 hodiny
|n 13
|w 000061022
|u 000010
|a 1
|e BOA001
|j MZK50
|s A
|